000 00691 a2200205 4500
010 _aENG-85683
020 _c195.00
_a8187671645
035 _aEN-69216
037 _bD.B.Act / Pub
082 1 4 _a332.02401
090 _c3457
_d3457
245 1 _aThe art of wealth
_cby translated from Sanskrit by Thomas C leary
_bstrategies for success
260 _aChennai
_bWestland Books
_c2006
270 _aNew No. 571, P.H.Road, Aminjikarai,
_bChennai
_e600 029
300 _avii, 277 p.
_c22 cm ( Pbk.)
500 _aIncludes index
700 1 _aCleary, Thomas
942 _adpl
_cEN
_k332.02401 / ART
999 _c3390
_d3390